000 005780000a22001930004500
003 LK-CoMWRAF
005 20230829095034.0
008 230817t1963 ||||| |||| 00| 0 eng d
040 _aLK-CoMWRAF
_dLK-CoMWRAF
_eLK-CoMWRAF
041 _aeng
082 _a297.64
_bWAT
100 _a Watt, W. Montgomery
245 _aMuslim Intellectual:
_bA Study of al Ghazali
260 _bEdinburgh:
_aEdinburgh University Press,
_c1963
300 _aviii, 214 p. 21 cm.
_bBibliography and index included
650 _aGhazzālī, 1058-1111.
650 _aMuslim philosophers
942 _cBK
999 _c607
_d607